000 005300000a22001810004500
003 MACL
005 20160330134603.0
008 160330b xxu||||| |||| 00| 0 eng d
040 _aMACL
_cMACL
041 _aHindi
082 _a294
100 _aकिशोर कमल
_948307
245 _aयजुर्वेद काव्‍यान्‍तर
_bभाग 1
260 _bकमल किशोर
_c2006
_aग्‍वालियर
350 _a250
650 _aHindu Religion
_9350
942 _cHIN
_k294
_2ddc
999 _c10413
_d10413